[Event "53rd Women Tournament 2022"]
[Site "Belgrade"]
[Date "2022.04.02"]
[Round "6.3"]
[White "Toncheva, Nadya"]
[Black "Benderac, Ana"]
[Result "1-0"]
[WhiteElo "2207"]
[BlackElo "2180"]
[Annotator "TA"]
[PlyCount "115"]
[EventDate "2022.03.28"]
[EventType "tourn"]
[EventCountry "SRB"]
[SourceTitle "playchess.com"]
[Source "ChessBase"]
[SourceQuality "1"]
[TimeControl "40/5400+30:1800+30"]

{[%evp 19,115,-8,0,-18,-25,-20,-25,-29,30,37,18,12,10,0,-12,-7,0,-18,0,0,37,16,54,0,0,-183,-152,-157,-143,-198,-145,-139,-147,-157,-71,-150,-112,-95,-102,-158,-148,-168,-94,-155,-8,-135,0,0,9,-16,-16,-16,-16,-16,-16,-16,-16,-16,0,-22,0,0,21,-18,12,12,12,0,29941,29947,29956,29957,29956,29957,29959,29960,29960,29961,29962,29963,29964,29965,29965,29966,29965,29967,29966,29968,29972,29972,29972,29973,29975,29974,29976,29971,29975,29976]} 1. d4 {[%emt 0:00:04]} d5 {[%emt 0:00:27]} 2. c4 {[%emt 0:00:05]} e6 {[%emt 0:00:48]} 3. Nc3 {[%emt 0:00:05]} dxc4 {[%emt 0:01:07]} 4. e3 {[%emt 0:00:59]} Nf6 {[%emt 0:00:41]} 5. Bxc4 {[%emt 1:31:47]} c5 {[%emt 0:01:56]} 6. Nf3 {[%emt 0:00:00]} a6 {[%emt 0:00:26]} 7. O-O {[%emt 0:00:00]} b5 {[%emt 0:03:25]} 8. Bd3 {[%emt 0:00:00]} Bb7 {[%emt 1:25:40]} 9. Qe2 {[%emt 0:00:00]} Nbd7 {[%emt 0:00:30]} 10. Rd1 {[%emt 0:02:30]} Qb6 {[%emt 0:00:30] 10...Qb8 is the modern continuation.} 11. b3 {[%emt 0:00:00] D48: Semi-Slav: Meran System: 7...b5 8 Bd3 a6.} cxd4 {[%emt 0:00:00]} 12. exd4 {[%emt 0:01:00][%cal Od4d5]} Rc8 {[%emt 0:00:00]} 13. Bb2 {[%emt 0:00:00][%cal Od4d5] Black has an edge.} Nd5 {[%emt 0:00:00]} (13... Bb4 $142 14. Rac1 O-O) 14. Nxd5 $11 {[%emt 0:00:00]} Bxd5 {[%emt 0:02:00] [#]} 15. Rac1 $146 {[%emt 0:01:30]} ({Predecessor:} 15. Ne5 Qb7 16. f4 Be7 17. Rf1 Nf6 18. f5 O-O 19. fxe6 Bxe6 20. Rf3 {1-0 (37) Limp,E (2440)-Pinto,S (2154) Rio de Janeiro 2006}) 15... Rb8 {[%emt 0:00:30]} 16. Bb1 {[%emt 0:00:00]} Be7 {[%emt 0:00:30]} 17. Ne5 {[%emt 0:01:00]} Qb7 {[%emt 0:00:30]} 18. Rc3 {[%emt 0:00:30]} (18. Qg4 $5 {[%cal Rg4g7]} Nxe5 19. Qxg7 (19. dxe5 O-O $11) 19... Nf3+ 20. gxf3 $11) 18... Nxe5 {[%emt 0:00:00]} (18... Bxg2 $2 19. f3 Nxe5 20. Qxe5 Bxf3 21. Rxf3 $1 {[%mdl 512]} Qxf3 22. Qxb8+ Bd8 23. Rd3 $18) 19. dxe5 {[%emt 0:00:00]} Rc8 {[%emt 0:00:00]} 20. Qg4 {[%emt 0:00:00] Strongly threatening Rxc8+.} O-O {[%emt 0:00:00]} 21. Rh3 {[%emt 0:00:00]} (21. Rg3 $1 $14 g6 22. h4) 21... g6 {[%emt 0:02:00]} 22. Qf4 $2 {[%emt 0:02:00]} (22. Rg3 $11) 22... Bxg2 $19 {[%emt 0:00:00]} 23. Rg3 {[%emt 0:00:00]} Rfd8 {[%emt 0:00:00][%cal Rd8d1]} 24. Re1 {[%emt 0:00:00]} (24. Rd6 $17) 24... Bd5 {[%emt 0:00:00]} (24... Bc6 $19 25. Rc3 b4) 25. h4 $17 {[%emt 0:00:00]} Bf8 {[%emt 0:00:00]} 26. h5 {[%emt 0:00:00]} Bg7 {[%emt 0:00:00]} (26... Qe7 $142 27. Bc3 Rd7) 27. Kh2 {[%emt 0:02:30]} (27. Bc3 $142) 27... Qe7 {[%emt 0:00:00]} 28. Reg1 a5 {[%emt 0:03:30][%cal Og7h6]} 29. Rg4 {[%emt 0:01:00]} ({White should try} 29. Rh3) 29... a4 {[%emt 0:00:30]} 30. Qg3 {[%emt 0:00:30][%cal Rh5g6] [#]} axb3 {[%emt 0:00:00]} (30... b4 $1 $19 31. bxa4 Rc4 32. Rxc4 Bxc4) 31. axb3 {[%emt 0:00:00][%cal Rh5g6]} Rd7 {[%emt 0:00:00]} (31... b4 $17 {next ...Rd7 is good for Black.} 32. Qh3 Rd7) 32. Bc1 {[%emt 0:01:00]} (32. Bc3 $1 $11 {was the only way to keep the balance.}) 32... Rxc1 {[%emt 0:00:00]} 33. Rxc1 $11 {[%emt 0:00:00][%cal Rh5g6]} Rc7 {[%emt 0:00:00]} 34. Rd1 {[%emt 0:00:00]} b4 {[%emt 0:02:30]} 35. hxg6 {[%emt 0:00:00]} hxg6 {[%emt 0:00:00] White must now prevent ...Rc3.} 36. Be4 {[%emt 0:00:00]} Rc3 {[%emt 0:00:00]} 37. Rd3 {[%emt 0:02:30]} Qc7 {[%emt 0:00:00]} 38. Bxd5 {[%emt 0:00:30][%cal Og4g6]} exd5 {[%emt 0:01:13]} 39. f4 {[%emt 0:00:00]} d4 {[%emt 0:00:06] aiming for ...Qc8.} 40. e6 {[%emt 0:00:06]} fxe6 {[%emt 0:00:37]} 41. Qf3 {[%emt 0:31:24]} Kf7 {[%emt 0:19:59]} 42. Qe4 {[%emt 0:00:00]} g5 {[%emt 0:00:15]} 43. Rd2 {[%emt 0:00:00] Dancing on a razor blade.} ({But not} 43. Rxc3 $2 bxc3 44. Rxg5 c2 $19) 43... gxf4 {[%emt 0:03:27][%mdl 8192]} (43... Qc6 $11 44. Qh7 (44. Qxc6 Rxc6 45. Rxg5 Bh6 $11) 44... Qf3) 44. Ra2 {[%emt 0:00:00] White mates.} f3+ {[%emt 0:01:44]} 45. Kh3 {[%emt 0:02:00]} f2+ {[%emt 0:03:13]} 46. Kg2 {[%emt 0:00:00]} Rg3+ {[%emt 0:00:44]} 47. Rxg3 {[%emt 0:00:00]} ({Not} 47. Kxf2 Rxg4 48. Qxg4 Qh2+ 49. Qg2 Qxg2+ 50. Kxg2 Kg6 $11) 47... f1=Q+ {[%emt 0:00:07]} 48. Kxf1 {[%emt 0:00:00]} Qxg3 {[%emt 0:00:04] [#] KQR-KQB} 49. Ra7+ $1 {[%emt 0:00:00][%mdl 64] Deflection} Kg8 {[%emt 0:06:01]} 50. Qxe6+ {[%emt 0:00:00]} Kh7 {[%emt 0:00:00]} 51. Qf5+ {[%emt 0:00:00]} Qg6 {[%emt 0:00:00]} 52. Qxg6+ {[%emt 0:00:00]} Kxg6 {[%emt 0:01:30] KR-KB} 53. Ke2 {[%emt 0:04:00]} Bf8 {[%emt 0:00:00]} 54. Kd3 {[%emt 0:00:00]} Kf6 {[%emt 0:00:00]} 55. Kxd4 {[%emt 0:00:00]} Ke6 {[%emt 0:00:00]} 56. Ra6+ {[%emt 0:00:00]} Kd7 {[%emt 0:00:00]} 57. Kd5 {[%emt 0:00:00]} Kc7 {[%emt 0:00:00]} 58. Rf6 {[%emt 0:00:00] White used his chance.  Weighted Error Value: White=0.21 (precise) /Black=0.35} 1-0

[Event "53rd Women Tournament 2022"]
[Site "Belgrade"]
[Date "2022.04.02"]
[Round "6.4"]
[White "Grozdanovic, Anastasia"]
[Black "Navrotescu, Andreea"]
[Result "0-1"]
[WhiteElo "2005"]
[BlackElo "2229"]
[Annotator "ChessBase"]
[PlyCount "130"]
[EventDate "2022.03.28"]
[EventType "tourn"]
[EventCountry "SRB"]
[SourceTitle "playchess.com"]
[Source "ChessBase"]
[SourceQuality "1"]
[TimeControl "40/5400+30:1800+30"]

1. d4 {[%emt 0:00:02]} e6 {[%emt 0:00:06]} 2. Nf3 {[%emt 0:00:10]} Nf6 {[%emt 0:00:08]} 3. c4 {[%emt 0:00:04]} Bb4+ {[%emt 0:00:06]} 4. Bd2 {[%emt 0:00:05]} a5 {[%emt 0:00:05]} 5. a3 {[%emt 0:00:15]} Bxd2+ {[%emt 0:00:08]} 6. Qxd2 {[%emt 0:00:05]} d6 {[%emt 0:00:46]} 7. Nc3 {[%emt 0:01:27]} Nc6 {[%emt 0:00:24]} 8. e4 {[%emt 0:03:12]} O-O {[%emt 0:02:38]} 9. Bd3 {[%emt 0:02:48]} e5 {[%emt 0:00:29]} 10. d5 {[%emt 0:02:20]} Nb8 {[%emt 0:00:30]} 11. h3 {[%emt 0:03:34]} Nbd7 {[%emt 0:02:48]} 12. O-O {[%emt 0:02:39]} a4 {[%emt 0:00:30]} 13. Bc2 {[%emt 0:11:45]} Nc5 {[%emt 0:00:25]} 14. Qe3 {[%emt 0:02:28]} b6 {[%emt 0:01:32]} 15. Nd2 {[%emt 0:03:17]} Nh5 {[%emt 0:07:24]} 16. Ne2 {[%emt 0:02:57]} Ba6 {[%emt 0:04:59]} 17. g4 {[%emt 0:08:25]} Nf6 {[%emt 0:00:44]} 18. f4 {[%emt 0:00:51]} exf4 {[%emt 0:01:02]} 19. Rxf4 {[%emt 0:02:14]} Nfd7 {[%emt 0:00:40]} 20. Nd4 {[%emt 0:11:48]} Ne5 {[%emt 0:03:09]} 21. Qc3 {[%emt 0:07:13]} Bc8 {[%emt 0:04:22]} 22. Nf5 {[%emt 0:03:37]} Bd7 {[%emt 0:08:20]} 23. Raf1 {[%emt 0:03:19]} f6 {[%emt 0:07:37]} 24. Qg3 {[%emt 0:05:50]} Bxf5 {[%emt 0:05:08]} 25. exf5 {[%emt 0:03:50]} Qe7 {[%emt 0:03:11]} 26. h4 {[%emt 0:03:24]} Kh8 {[%emt 0:02:25]} 27. Ne4 {[%emt 0:02:25]} Nxe4 {[%emt 0:01:41]} 28. Rxe4 {[%emt 0:00:05]} Qd7 {[%emt 0:00:55]} 29. Bd3 {[%emt 0:01:33]} Ra5 {[%emt 0:00:33]} 30. Be2 {[%emt 0:01:16]} Rc5 {[%emt 0:00:42]} 31. Rd1 {[%emt 0:04:27]} Re8 {[%emt 0:03:09]} 32. Qf4 {[%emt 0:01:15]} Qf7 {[%emt 0:01:34]} 33. Rd2 {[%emt 0:01:39]} Rc8 {[%emt 0:06:15]} 34. Bd1 {[%emt 0:00:25]} b5 {[%emt 0:04:39]} 35. cxb5 {[%emt 0:00:53]} Rxd5 {[%emt 0:00:01]} 36. Red4 {[%emt 0:01:06]} Rxb5 {[%emt 0:02:36]} 37. Bxa4 {[%emt 0:00:52]} Rc5 {[%emt 0:01:10]} 38. Bd1 {[%emt 0:01:19]} Rc1 {[%emt 0:03:01]} 39. Kg2 {[%emt 0:01:45]} Qd7 {[%emt 0:01:10]} 40. Bb3 {[%emt 0:00:45]} Qb5 {[%emt 0:01:25]} 41. Rb4 {[%emt 0:32:19]} Qa6 {[%emt 0:33:17]} 42. Be6 {[%emt 0:00:00]} Rd8 {[%emt 0:00:00]} 43. g5 {[%emt 0:00:00]} Rb1 {[%emt 0:00:00]} 44. gxf6 {[%emt 0:00:00]} gxf6 {[%emt 0:00:00]} 45. Rbd4 {[%emt 0:00:00]} Qc6+ {[%emt 0:00:00]} 46. Qe4 {[%emt 0:00:00]} Qc1 {[%emt 0:00:00]} 47. Kh3 {[%emt 0:00:00]} Rxb2 {[%emt 0:02:10]} 48. Rxb2 {[%emt 0:00:00]} Qxb2 {[%emt 0:00:06]} 49. Ra4 {[%emt 0:00:00]} d5 {[%emt 0:03:36]} 50. Qe3 {[%emt 0:00:00]} d4 {[%emt 0:02:30]} 51. Qg3 {[%emt 0:01:01]} Qc3 {[%emt 0:03:26]} 52. Qxc3 {[%emt 0:00:21]} dxc3 {[%emt 0:00:02]} 53. Bb3 {[%emt 0:00:14]} Rd3+ {[%emt 0:00:31]} 54. Kg2 {[%emt 0:00:10]} c2 {[%emt 0:00:28]} 55. Ra8+ {[%emt 0:00:17]} Kg7 {[%emt 0:00:02]} 56. Bxc2 {[%emt 0:00:15]} Rd2+ {[%emt 0:00:05]} 57. Kg3 {[%emt 0:00:03]} Rxc2 {[%emt 0:00:07]} 58. a4 {[%emt 0:00:14]} Ra2 {[%emt 0:02:08]} 59. Ra7 {[%emt 0:00:10]} Nf7 {[%emt 0:00:05]} 60. Rxc7 {[%emt 0:00:08]} Rxa4 {[%emt 0:00:02]} 61. h5 {[%emt 0:00:25]} Rd4 {[%emt 0:00:58]} 62. Ra7 {[%emt 0:00:08]} Kf8 {[%emt 0:00:19]} 63. Ra8+ {[%emt 0:00:14]} Ke7 {[%emt 0:00:21]} 64. Rg8 {[%emt 0:00:10]} Ng5 {[%emt 0:00:52]} 65. Rg7+ {[%emt 0:00:15]} Kd6 {[%emt 0:00:05]} 0-1

[Event "53rd Women Tournament 2022"]
[Site "Belgrade"]
[Date "2022.04.02"]
[Round "6.5"]
[White "Lu, Miaoyi"]
[Black "Manakova, Maria"]
[Result "0-1"]
[WhiteElo "2182"]
[BlackElo "2257"]
[Annotator "NA"]
[PlyCount "100"]
[EventDate "2022.03.28"]
[EventType "tourn"]
[EventCountry "SRB"]
[SourceTitle "playchess.com"]
[Source "ChessBase"]
[SourceQuality "1"]
[TimeControl "40/5400+30:1800+30"]

1. e4 {[%emt 0:00:02]} c5 {[%emt 0:00:31]} 2. Nf3 {[%emt 0:00:03]} Nc6 {[%emt 0:00:04]} 3. Bb5 {[%emt 0:00:06]} d6 {[%emt 0:00:17]} 4. O-O {[%emt 0:00:04]} e5 {[%emt 0:00:21]} 5. c3 {[%emt 0:00:13]} a6 {[%emt 0:02:11]} 6. Bxc6+ {[%emt 0:00:17]} bxc6 {[%emt 0:00:03]} 7. d4 {[%emt 0:00:19]} Qc7 {[%emt 0:00:19]} 8. dxe5 {[%emt 0:09:11]} dxe5 {[%emt 0:00:05]} 9. Nbd2 {[%emt 0:13:17]} f6 {[%emt 0:02:09]} 10. Nc4 {[%emt 0:04:01]} Be6 {[%emt 0:00:35]} 11. Qe2 {[%emt 0:09:49]} Ne7 {[%emt 0:05:03]} 12. Nh4 {[%emt 0:09:45]} g5 {[%emt 0:01:25]} 13. Nf5 {[%emt 0:08:01]} Nxf5 {[%emt 0:02:58]} 14. exf5 {[%emt 0:00:05]} Bd5 {[%emt 0:07:55]} 15. Nd2 {[%emt 0:14:58]} Be7 {[%emt 0:08:17]} 16. c4 {[%emt 0:13:05]} Bf7 {[%emt 0:00:17]} 17. Ne4 {[%emt 0:02:06]} Qd7 {[%emt 0:01:59]} 18. b3 {[%emt 0:10:16]} Qxf5 {[%emt 0:01:03]} 19. f4 {[%emt 0:00:59]} gxf4 {[%emt 0:04:04]} 20. Bxf4 {[%emt 0:02:12]} Bg6 {[%emt 0:01:24]} 21. Ng3 {[%emt 0:00:54]} Qd3 {[%emt 0:01:32]} 22. Be3 {[%emt 0:00:41]} Qxe2 {[%emt 0:02:02]} 23. Nxe2 {[%emt 0:00:02]} O-O-O {[%emt 0:00:58]} 24. Rad1 {[%emt 0:00:59]} f5 {[%emt 0:11:51]} 25. g3 {[%emt 0:00:22]} Bh5 {[%emt 0:02:04]} 26. Rxd8+ {[%emt 0:00:28]} Rxd8 {[%emt 0:00:10]} 27. Nc1 {[%emt 0:00:37]} f4 {[%emt 0:02:03]} 28. gxf4 {[%emt 0:00:36]} Rg8+ {[%emt 0:00:26]} 29. Kh1 {[%emt 0:00:02]} e4 {[%emt 0:00:27]} 30. h4 {[%emt 0:00:04]} Bxh4 {[%emt 0:12:55]} 31. Kh2 {[%emt 0:00:15]} Be7 {[%emt 0:17:45]} 32. Rg1 {[%emt 0:00:19]} Bg4 {[%emt 0:02:43]} 33. Ne2 {[%emt 0:00:59]} Rg6 {[%emt 0:00:15]} 34. Nc3 {[%emt 0:01:05]} Rh6+ {[%emt 0:00:12]} 35. Kg3 {[%emt 0:00:38]} Bf3 {[%emt 0:03:37]} 36. f5 {[%emt 0:00:33]} Rh5 {[%emt 0:01:11]} 37. Kf2 {[%emt 0:00:40]} Rxf5 {[%emt 0:03:05]} 38. Rg7 {[%emt 0:00:23]} Bf6 {[%emt 0:01:29]} 39. Rg8+ {[%emt 0:00:02]} Kc7 {[%emt 0:02:02]} 40. Na4 {[%emt 0:00:51]} Bd4 {[%emt 0:01:19]} 41. Rg3 {[%emt 0:30:29]} Bg4+ {[%emt 0:30:56]} 42. Ke1 {[%emt 0:00:34]} h5 {[%emt 0:00:07]} 43. b4 {[%emt 0:00:00]} Be5 {[%emt 0:00:00]} 44. Rg2 {[%emt 0:00:00]} cxb4 {[%emt 0:00:00]} 45. Bc5 {[%emt 0:00:00]} Bc3+ {[%emt 0:00:00]} 46. Nxc3 {[%emt 0:00:00]} Rxc5 {[%emt 0:00:00]} 47. Nd1 {[%emt 0:00:00]} Rxc4 {[%emt 0:00:00]} 48. Ne3 {[%emt 0:00:00]} Rc1+ {[%emt 0:00:00]} 49. Kf2 {[%emt 0:00:00]} Rc3 {[%emt 0:00:00]} 50. Nf1 {[%emt 0:00:00]} Rf3+ {[%emt 0:00:00]} 0-1

[Event "53rd Women Tournament 2022"]
[Site "Belgrade"]
[Date "2022.04.03"]
[Round "7.1"]
[White "Manakova, Maria"]
[Black "Chelushkina, Irina"]
[Result "1-0"]
[WhiteElo "2257"]
[BlackElo "2183"]
[Annotator "NA RC"]
[PlyCount "95"]
[EventDate "2022.03.28"]
[EventType "tourn"]
[EventCountry "SRB"]
[SourceTitle "playchess.com"]
[Source "ChessBase"]
[SourceQuality "1"]
[TimeControl "40/5400+30:1800+30"]

1. e4 {[%emt 0:03:53]} g6 {[%emt 0:00:24]} 2. d4 {[%emt 0:00:53]} Bg7 {[%emt 0:00:06]} 3. Nc3 {[%emt 0:00:17]} c6 {[%emt 0:00:05]} 4. f4 {[%emt 0:00:51]} d5 {[%emt 0:00:06]} 5. e5 {[%emt 0:00:04]} a5 {[%emt 0:00:17]} 6. Nf3 {[%emt 0:01:08]} Na6 {[%emt 0:01:12]} 7. a3 {[%emt 0:01:58]} Nc7 {[%emt 0:00:28]} 8. Bd3 {[%emt 0:00:14]} h5 {[%emt 0:01:12]} 9. O-O {[%emt 0:06:29]} Nh6 {[%emt 0:00:13]} 10. Nh4 {[%emt 0:01:58]} Bg4 {[%emt 0:04:19]} 11. Qe1 {[%emt 0:00:28]} e6 {[%emt 0:00:06]} 12. Be3 {[%emt 0:11:26]} Bf5 {[%emt 0:01:51]} 13. Nxf5 {[%emt 0:00:21]} exf5 {[%emt 0:02:42]} 14. h3 {[%emt 0:04:28]} Ne6 {[%emt 0:02:20]} 15. Ne2 {[%emt 0:04:30]} Bf8 {[%emt 0:01:10]} 16. c4 {[%emt 0:00:24]} Be7 {[%emt 0:03:38]} 17. cxd5 {[%emt 0:02:18]} Qxd5 {[%emt 0:00:02]} 18. Rd1 {[%emt 0:07:33]} O-O {[%emt 0:02:01]} 19. Nc3 {[%emt 0:01:47]} Qb3 {[%emt 0:00:06]} 20. Kh2 {[%emt 0:26:12]} Rfd8 {[%emt 0:03:20]} 21. Be2 {[%emt 0:00:53]} Nc7 {[%emt 0:02:37]} 22. Bf3 {[%emt 0:01:11]} Kg7 {[%emt 0:07:47]} 23. Rd2 {[%emt 0:02:11]} Ng8 {[%emt 0:03:37]} 24. Qd1 {[%emt 0:00:19]} Qb6 {[%emt 0:05:06]} 25. Bf2 {[%emt 0:02:03]} Nd5 {[%emt 0:00:05]} 26. Nxd5 {[%emt 0:02:49]} cxd5 {[%emt 0:00:01]} 27. Rc2 {[%emt 0:00:51]} a4 {[%emt 0:01:13]} 28. Qe2 {[%emt 0:00:56]} Ra5 {[%emt 0:02:55]} 29. Rd1 {[%emt 0:04:04]} Rb5 {[%emt 0:02:03]} 30. Rd3 {[%emt 0:00:17]} h4 {[%emt 0:01:05]} 31. Re3 {[%emt 0:04:13]} g5 {[%emt 0:02:53]} 32. fxg5 {[%emt 0:00:21]} Bxg5 {[%emt 0:01:40]} 33. Rec3 {[%emt 0:00:07]} Ne7 {[%emt 0:00:19]} 34. Rc5 {[%emt 0:00:52]} Rb3 {[%emt 0:05:07]} 35. Be1 {[%emt 0:00:45]} Qg6 {[%emt 0:04:15]} 36. R2c3 {[%emt 0:01:31]} Rxc3 {[%emt 0:03:09]} 37. bxc3 {[%emt 0:02:04]} Bf4+ {[%emt 0:11:49]} 38. Kh1 {[%emt 0:00:08]} Qg5 {[%emt 0:00:34]} 39. Rc7 {[%emt 0:01:08]} Bc1 {[%emt 0:04:11]} 40. Qf2 {[%emt 0:04:12]} Bxa3 {[%emt 0:09:17]} 41. Qxh4 {[%emt 0:30:48]} f6 {[%emt 0:34:10]} 42. Rxb7 {[%emt 0:00:00]} Rh8 {[%emt 0:00:00]} 43. exf6+ {[%emt 0:00:00]} Qxf6 {[%emt 0:00:00]} 44. Qxf6+ {[%emt 0:00:00]} Kxf6 {[%emt 0:00:00]} 45. Ra7 {[%emt 0:00:00]} Bd6 {[%emt 0:00:00]} 46. Rxa4 {[%emt 0:00:00]} Rb8 {[%emt 0:00:00]} 47. Ra6 {[%emt 0:00:00]} Ke6 {[%emt 0:00:00]} 48. Rxd6+ {[%emt 0:00:00]} 1-0

[Event "53rd Women Tournament 2022"]
[Site "Belgrade"]
[Date "2022.04.03"]
[Round "7.3"]
[White "Benderac, Ana"]
[Black "Grozdanovic, Anastasia"]
[Result "1-0"]
[WhiteElo "2180"]
[BlackElo "2005"]
[Annotator "NA RC"]
[PlyCount "53"]
[EventDate "2022.03.28"]
[EventType "tourn"]
[EventCountry "SRB"]
[SourceTitle "playchess.com"]
[Source "ChessBase"]
[SourceQuality "1"]
[TimeControl "40/5400+30:1800+30"]

1. d4 {[%emt 0:00:09]} d5 {[%emt 0:00:06]} 2. Nf3 {[%emt 0:00:07]} Nf6 {[%emt 0:00:12]} 3. e3 {[%emt 0:00:31]} e6 {[%emt 0:01:24]} 4. c4 {[%emt 0:00:14]} c6 {[%emt 0:00:05]} 5. Nbd2 {[%emt 1:31:59]} Be7 {[%emt 0:01:53]} 6. Bd3 {[%emt 0:00:00]} Nbd7 {[%emt 0:01:02]} 7. b3 {[%emt 0:01:00]} b6 {[%emt 0:00:55]} 8. O-O {[%emt 0:00:00]} Bb7 {[%emt 0:00:29]} 9. Bb2 {[%emt 0:00:00]} O-O {[%emt 0:00:29]} 10. Qe2 {[%emt 0:01:30]} Rc8 {[%emt 0:03:21]} 11. Rac1 {[%emt 0:00:00]} Re8 {[%emt 0:04:14]} 12. Rfd1 {[%emt 0:00:00]} Bd6 {[%emt 1:22:20]} 13. Ne5 {[%emt 0:01:30]} Qe7 {[%emt 0:00:30]} 14. Ndf3 {[%emt 0:00:30]} c5 {[%emt 0:00:00]} 15. Ng5 {[%emt 0:00:30]} Rf8 {[%emt 0:00:00]} 16. Nxd7 {[%emt 0:00:00]} Qxd7 {[%emt 0:01:30]} 17. dxc5 {[%emt 0:00:00]} h6 {[%emt 0:00:30]} 18. cxd6 {[%emt 0:01:30]} hxg5 {[%emt 0:00:00]} 19. Bxf6 {[%emt 0:00:00]} gxf6 {[%emt 0:00:00]} 20. Qh5 {[%emt 0:00:00]} f5 {[%emt 0:00:00]} 21. Qxg5+ {[%emt 0:00:00]} Kh8 {[%emt 0:02:00]} 22. Bxf5 {[%emt 0:00:00]} f6 {[%emt 0:00:00]} 23. Qh6+ {[%emt 0:00:00]} Kg8 {[%emt 0:00:00]} 24. Qg6+ {[%emt 0:00:00]} Kh8 {[%emt 0:00:00]} 25. Rd4 {[%emt 0:00:00]} Qg7 {[%emt 0:00:00]} 26. Rh4+ {[%emt 0:00:00]} Kg8 {[%emt 0:00:00]} 27. Bxe6+ {[%emt 0:00:00]} 1-0

[Event "53rd Women Tournament 2022"]
[Site "Belgrade"]
[Date "2022.04.03"]
[Round "7.4"]
[White "Srdanovic, Jovana"]
[Black "Toncheva, Nadya"]
[Result "0-1"]
[WhiteElo "2194"]
[BlackElo "2207"]
[Annotator "NA RC"]
[PlyCount "114"]
[EventDate "2022.03.28"]
[EventType "tourn"]
[EventCountry "SRB"]
[SourceTitle "playchess.com"]
[Source "ChessBase"]
[SourceQuality "1"]
[TimeControl "40/5400+30:1800+30"]

1. d4 {[%emt 0:00:06]} d5 {[%emt 0:00:04]} 2. c4 {[%emt 0:00:09]} dxc4 {[%emt 0:00:03]} 3. e3 {[%emt 0:00:07]} Nf6 {[%emt 0:00:05]} 4. Bxc4 {[%emt 0:00:07]} e6 {[%emt 0:00:02]} 5. Nf3 {[%emt 0:00:12]} c5 {[%emt 0:00:04]} 6. O-O {[%emt 0:00:19]} Nc6 {[%emt 0:00:02]} 7. Nc3 {[%emt 0:01:48]} a6 {[%emt 0:00:08]} 8. dxc5 {[%emt 0:02:50]} Qxd1 {[%emt 0:00:07]} 9. Rxd1 {[%emt 0:00:07]} Bxc5 {[%emt 0:00:04]} 10. Be2 {[%emt 0:02:18]} O-O {[%emt 0:01:07]} 11. Ng5 {[%emt 0:04:36]} Rd8 {[%emt 0:02:33]} 12. Rxd8+ {[%emt 0:09:44]} Nxd8 {[%emt 0:00:30]} 13. a3 {[%emt 0:00:30]} Be7 {[%emt 0:04:41]} 14. e4 {[%emt 0:32:04]} b5 {[%emt 0:04:59]} 15. Be3 {[%emt 0:14:56]} Bb7 {[%emt 0:02:06]} 16. f3 {[%emt 0:02:04]} Nc6 {[%emt 0:06:41]} 17. Rd1 {[%emt 0:01:14]} Rc8 {[%emt 0:00:06]} 18. Nh3 {[%emt 0:04:51]} Kf8 {[%emt 0:08:58]} 19. Nf2 {[%emt 0:01:39]} Ke8 {[%emt 0:01:45]} 20. Kf1 {[%emt 0:02:11]} Na5 {[%emt 0:03:56]} 21. Nb1 {[%emt 0:03:17]} Nc4 {[%emt 0:04:01]} 22. Bc1 {[%emt 0:03:46]} Nd7 {[%emt 0:00:16]} 23. Nd3 {[%emt 0:02:58]} Bf6 {[%emt 0:01:33]} 24. Re1 {[%emt 0:03:45]} Bd4 {[%emt 0:05:09]} 25. Bd1 {[%emt 0:00:34]} Nde5 {[%emt 0:12:33]} 26. Nxe5 {[%emt 0:01:07]} Bxe5 {[%emt 0:01:28]} 27. b3 {[%emt 0:00:55]} Nd6 {[%emt 0:00:04]} 28. Be3 {[%emt 0:01:01]} Bxh2 {[%emt 0:00:20]} 29. Kf2 {[%emt 0:00:43]} Be5 {[%emt 0:00:20]} 30. Rh1 {[%emt 0:00:52]} h6 {[%emt 0:00:10]} 31. Ke2 {[%emt 0:02:30]} Ke7 {[%emt 0:02:23]} 32. Kd2 {[%emt 0:01:29]} Bb2 {[%emt 0:08:26]} 33. Bc2 {[%emt 0:00:08]} a5 {[%emt 0:00:54]} 34. Bd3 {[%emt 0:00:56]} a4 {[%emt 0:01:36]} 35. b4 {[%emt 0:00:08]} Nc4+ {[%emt 0:04:19]} 36. Bxc4 {[%emt 0:00:07]} Rxc4 {[%emt 0:00:03]} 37. Bc5+ {[%emt 0:00:33]} Kf6 {[%emt 0:00:13]} 38. g3 {[%emt 0:01:00]} e5 {[%emt 0:00:23]} 39. Kd3 {[%emt 0:01:13]} Bc8 {[%emt 0:01:02]} 40. Rh2 {[%emt 0:00:20]} Bd4 {[%emt 0:01:02]} 41. Bxd4 {[%emt 0:03:45]} Rxd4+ {[%emt 0:00:05]} 42. Ke3 {[%emt 0:00:08]} Rc4 {[%emt 0:08:19]} 43. Kd2 {[%emt 0:02:45]} Be6 {[%emt 0:00:30]} 44. Nc3 {[%emt 0:03:17]} Rd4+ {[%emt 0:00:31]} 45. Kc2 {[%emt 0:00:53]} Bb3+ {[%emt 0:00:32]} 46. Kb2 {[%emt 0:00:23]} Bc4 {[%emt 0:00:18]} 47. Kc2 {[%emt 0:00:22]} Ke6 {[%emt 0:01:53]} 48. g4 {[%emt 0:01:14]} Rd3 {[%emt 0:02:11]} 49. Rf2 {[%emt 0:00:51]} Kf6 {[%emt 0:01:02]} 50. f4 {[%emt 0:00:51]} exf4 {[%emt 0:04:22]} 51. Rxf4+ {[%emt 0:01:06]} Kg5 {[%emt 0:01:09]} 52. Rf5+ {[%emt 0:00:08]} Kxg4 {[%emt 0:00:06]} 53. Nxb5 {[%emt 0:00:12]} Bxb5 {[%emt 0:00:08]} 54. Rxb5 {[%emt 0:00:15]} Rxa3 {[%emt 0:00:03]} 55. Rb7 {[%emt 0:00:05]} Rf3 {[%emt 0:00:08]} 56. b5 {[%emt 0:00:19]} g5 {[%emt 0:00:43]} 57. b6 {[%emt 0:00:19]} Rb3 {[%emt 0:00:37]} 0-1